Sports Quiz

Random Sports or NBA Quiz

Top 10 Point Guards in the NBA Quiz Stats

 Plays Quiz not verified by Sporcle

Also try: #4 Athletes
Challenge
Share
Tweet
Embed
Score 0/10 Timer 05:00
0 Plays Today
Team Player % Correct
Oklahoma City ThunderRussell Westbrook
99.3%
Golden State WarriorsSteph Curry
97.9%
Washington WizardsJohn Wall
97.9%
Houston RocketsJames Harden
97.3%
Portland TrailblazersDamian Lillard
96.6%
Cleveland CavaliersKyrie Irving
95.9%
Houston RocketsChris Paul
94.5%
Toronto RaptorsKyle Lowry
94.5%
Boston CelticsIsaiah Thomas
92.5%
Charlotte HornetsKemba Walker
92.5%

You're not logged in!

Compare scores with friends on all Sporcle quizzes.
OR
Log In

You Might Also Like...

Show Comments

Extras

Top Quizzes Today


Score Distribution

Your Account Isn't Verified!

In order to create a playlist on Sporcle, you need to verify the email address you used during registration. Go to your Sporcle Settings to finish the process.

Report this User

Report this user for behavior that violates our Community Guidelines.

Details: